000 02042 a2200313 4500
003 OSt
005 20180116192340.0
008 120524t xxu||||| |||| 00| 0 eng d
010 _a 2003279056
020 _a0071500782
040 _c0
082 0 0 _a624.184
100 _a Breyer, Donald E.
_92003
245 0 0 _aDesign of wood structures--ASD /
_cDonald E. Breyer ... [et al.].
250 _a5th ed.
260 _aNew York :
_bMcGraw-Hill,
_cc2003.
300 _a1 v. (various pagings) :
_bill. ;
_c25 cm.
500 _aRev. ed. of: Design of wood structures ASD / Donald E. Breyer, Kenneth J. Fridley, Kelly E. Cobeen. c1998.
505 _a1: Wood Buildings and Design Criteria-- 2: Design Loads-- 3: Behavior of Structures Under Loads and Forces-- 4: Properties of Wood and Lumber Grades-- 5: Structural Glued Laminated Timber-- 6: Beam Design-- 7: Axial Forces and Combined Bending and Axial Forces-- 8: Wood Structural Panels-- 9: Horizontal Diaphragms-- 10: Shearwalls-- 11: Wood Connections—Background-- 12: Nailed and Stapled Connections-- 13: Bolts, Lag Bolts, and Other Connectors-- 14: Connection Hardware-- 15: Diaphragm-to-Shearwall Anchorage-- 16: Advanced Topics in Lateral Force Design-- A: EQUIVALENT UNIFORM WEIGHTS OF WOOD FRAMING-- B: WEIGHTS OF BUILDING MATERIALS-- C: SELECTED TABLES FROM THE INTERNATIONAL BUILDING CODE, 2003 Edition-- D: SELECTED TABLES FROM MINIMUM DESIGN LOADS FOR BUILDINGS AND OTHER -- INDEX--
650 0 _aBuilding, Wooden.
_92004
650 0 _aBuilding, Wooden
_xDesign and construction
_92005
700 1 _aBreyer, Donald E.
_92006
700 1 _aBreyer, Donald E.
_92007
856 4 2 _3Contributor biographical information
_uhttp://www.loc.gov/catdir/bios/mh041/2003279056.html
856 4 2 _3Table of contents
_uhttp://www.loc.gov/catdir/toc/mh041/2003279056.html
856 4 2 _3Publisher description
_uhttp://www.loc.gov/catdir/enhancements/fy0704/2003279056-d.html
942 _aSADA
_cBK
_k624.184 BRE 2003
_2ddc
999 _c352621
_d352621